00816nam a2200253 4500003000400000005001700004008004100021040001800062050001600080100001600096245002600112264004900138300001800187336002200205337002400227338002400251650003200275650003000307650003300337651004100370942001400411999001700425952012000442OSt20260601193850.0260505b1996 |||||||| |||| 00| 0 spa d aICIbspacICI aNK1170bD57 1aQVID932146 1aDiseño Chileno 1996 bAsoc. Chiulena de Empresas de Diseñoc1996 a200 páginas atexto2rdacontent asin medio2rdamedia avolumen2rdacarrier aDiseño industrialzChile. aDiseño gráficozChile aDiseñadoreszChile.932149 aChilexCondiciones culturales932150 2lcccBn1 c21816d21816 00102lcc4070aBDIMFMbBDIMFMd2026-05-05l0oNK1170 D57 pBDIMFM000259r2026-05-05 23:20:41tEJ.1w2026-05-05yB